Music Quiz

Random Music or Song Quiz

Fill in the Blanks: They Might Be Giants Quiz Stats

 Plays Quiz not verified by Sporcle

Score 0/20 Timer 03:00
0 Plays Today
Song Missing Word % Correct
Ana __Ng
98.6%
__________ in Your SoulBirdhouse
98.6%
Why Does the ___ ShineSun
97.2%
Istanbul Not ___________Constantinople
96.8%
Don't Lets ______Start
95.4%
I _________ IPalindrome
92.6%
They'll Need a _______Crane
91.7%
Dr. ____Worm
91.2%
______ Got Me HighStatue
89.8%
______ ManParticle
88.4%
Song Missing Word % Correct
Man it's so ____ in HereLoud
81.9%
____________ FilmExperimental
80.1%
____ of MeBoss
68.1%
__________ Wants to Hit MeBastard
63.4%
Upside Down ______Frown
57.9%
Figure __________Eight
48.1%
I'm ___________Impressed
46.8%
Sen___________surround
36.6%
___ Sbemails200
35.6%
The Other ____ SongFather
24.5%

You're not logged in!

Compare scores with friends on all Sporcle quizzes.
OR
Log In

Show Comments

Extras

Top Quizzes Today


Score Distribution

Your Account Isn't Verified!

In order to create a playlist on Sporcle, you need to verify the email address you used during registration. Go to your Sporcle Settings to finish the process.

Report this User

Report this user for behavior that violates our Community Guidelines.

Details: